| 000 | 02017cam a22004694i 4500 | ||
|---|---|---|---|
| 003 | PE-LiUPU | ||
| 005 | 20250731173356.0 | ||
| 008 | 150706s1960 ck r 000 0 spa d | ||
| 020 | _a9789587370317 | ||
| 035 | _a(Sirsi) i9789587370317 | ||
| 040 |
_aPE-LiUPU _bspa _cPE-LiUPU _erda |
||
| 049 | _aPRUA | ||
| 082 | 0 | 4 |
_a261.561 _bF78 _221 |
| 100 | 1 |
_aFountain, Daniel, _eautor. |
|
| 245 | 1 | 0 |
_aDios medicina y milagros : _bel factor espiritual en la sanidad / _cDaniel Fountain. |
| 264 | 1 |
_aBogotá : _bDesafio, _c1960. |
|
| 300 |
_a239 páginas ; _c21 centímetros |
||
| 336 |
_atext _2rdacontent |
||
| 337 |
_aunmediated _2rdamedia |
||
| 338 |
_avolume _2rdacarrier |
||
| 505 | 0 | _a"¿Sabe su médico quién es usted? -- Palabras que sanan -- Dios nos hizo "seres integrales" -- La química de las emociones -- La arquitectura del corazón -- ¿Qué tiene que ver el pecado en todo esto? -- ¿Qué tiene que ver Jesucristo en todo esto? -- La limpieza del corazón -- Libre para ser saludable -- El poder del perdón -- Estar enfermo. ¿tragedia o reto? -- Tengo esperanza en medio de la oscuridad. | |
| 526 | _aSEG42 | ||
| 526 | _aSEG41 | ||
| 526 | _aSEG40 | ||
| 526 | _aSEG39 | ||
| 526 | _aP94 | ||
| 526 | _aP87 | ||
| 526 | _aP86 | ||
| 526 | _aP85 | ||
| 526 | _aP77 | ||
| 526 | _aP76 | ||
| 526 | _aP35 | ||
| 541 | _g001-0000482; | ||
| 650 | 0 | 4 |
_aCuración _xCristianismo. |
| 650 | 0 | 4 |
_aHealing _xChristianity. |
| 910 |
_agl _bjv _cng _d20101028 |
||
| 942 |
_2ddc _cBOOK |
||
| 949 |
_a261.561 F78 _wDEWEY _c1 _i62238 _d2016-10-31 _e2016-10-30 _lCCODEBUL1 _mBUL _n12 _p11.00 _r0 _sY _tBOOK _u2015-7-6 _xTEOLOGIA _PP22 _0COMPRA _o.STAFF. Colección Teología |
||
| 994 |
_aC0 _bPEPRU |
||
| 596 | _a1 | ||
| 999 |
_a261.561 F78 _wDEWEY _c51318 _i62238 _d51318 _e2018-10-25 _f2021-11-10 _g5 _lCCODEBUL1 _mBUL _n18 _p11.00 _r0 _sY _tBOOK _u2015-7-6 _xTEOLOGIA _PP35 _0COMPRA _o.STAFF. Colección Teología |
||
| 980 |
_81 _gALBERTO SANCHEZ Responsable de Automatización |
||